Literacy and computers : insights from research

Αποθηκεύτηκε σε:
Λεπτομέρειες βιβλιογραφικής εγγραφής
Άλλοι συγγραφείς: Wray, David (Επιμελητής έκδοσης)
Μορφή: Βιβλίο
Γλώσσα:English
Δημοσίευση: Cheshire : United Kingdom Reading Association, 1994
Θέματα:
Ετικέτες: Προσθήκη ετικέτας
Δεν υπάρχουν, Καταχωρήστε ετικέτα πρώτοι!

MARC

LEADER 00000nam a2200000 i 4500
001 1/87672
008 990730s1994 eng d
020 |a 1-897638-03-5 
035 |l 10052351 
040 |a GR-MY-UA  |b gre  |e aacr 
041 0 |a eng 
082 0 |a 372.6 
245 1 0 |a Literacy and computers :  |b insights from research /  |c edited by David Wray 
260 |a Cheshire :   |b United Kingdom Reading Association,   |c 1994 
300 |a 78 p. 
650 0 0 |a Computer-assisted instruction. 
650 0 0 |a Computers and literacy. 
650 0 0 |a Computers and children. 
650 0 0 |a Educational technology. 
700 1 |a Wray, David.  |4 edt 
852 |a INST  |b RHODES  |e 19990730  |h 372.6 LIT  |p 005400014999  |q 005400014999  |t BK  |y 0 
901 |a BIBL4-1999-2 
909 |a Ρ  |b 065695 
922 |a 4ΕΛΗ  |b 199905  |c ΚΠΣ/154  |d LEADER 
970 |z 1999/07/30  |a ΚΟΥΛΑΚΙΟΤΗ  |b ΛΙΤΣΑ